Cinderella Boy Trivia-Webtoon by Punko (Level: Hard) - Statistics

General Stats
  • This quiz has been taken 152 times
    144 since last reset
  • The average score is 29 of 46
Answer Stats
Question Answer % Correct
What is the name of the "Helper Key?" Bronze
97%
What story do Buddy and Chase first meet? Cinderella
91%
What color was Chase's pajamas in "Sick Day?" Pink
85%
In "Beach Boys V", what weapon was Buddy holding? Spear
83%
What number was on Buddy's back in "Dreams by Night?" 2
78%
Who said "Maybe he loves revenge even more then eyeliner..." Deacon
76%
How many keys are there? 12
75%
Who said "Look, he gave me his personal handkerchief! Isn't that cute?!" Chase
75%
What is Buddy's real name? Nox
75%
What are the colors of Goldie's eyes? Blue
74%
Who said "Your talent's aren't even plural!" Buddy
72%
Where was Buddy locked up in "Requiem of Blood and Moonlight?" A Coffin
71%
What snack is Buddy obsessed with? Chocolate
71%
How old was Chase when he became obsessed with vampires? 15
70%
In "Dreams by Night," how many red marks were on Buddy's chest? 4
70%
What nickname does Chase give Deacon? Dorkin
70%
Where did Chase find his key? Library
70%
How old is Deacon? 20
69%
In "Requiem of Blood and Moonlight," what was the color of the flower Buddy wore? Yellow
69%
What symbol is on Silver's key? A Rose
68%
What animal is on Bronze's oven mitt? A Chicken
67%
What did Chase accidentally leave behind in "All That Glitters?" His Hoodie
67%
Fill in the blank: Chase Hollow, _______ Like and Follow
66%
What was the name of the cat that Chase played? Hint: It's in the title Toffee
66%
What is the episode number for "Hidden Toadstool Grove?" 11
64%
What nickname does Buddy give Deacon? Freckles
62%
What story did Bronze go to in episode 56? Snow White
61%
What is Silver's full name? Little Silver
60%
What substance comes out of finishing books? Narratonin
60%
At what age does Prunella say she'll run away? 18
59%
What was the first fairytale that Chase went into? Sleeping Beauty
57%
What is Chase's real name? Charles "Charlie" Everett Hollow
56%
Who does Grandpa Ralph hate? Diane
55%
Who is his favorite member? Alastair
53%
What monster was Deacon trying to fight in "Sick Day?" An Ogre
53%
What was Chase eating in "Cinderfella?" Cake
52%
Fill in the blank" "So stop being a loser, and start being a ______ Horse
47%
What is the name of the unicorn that Prunella loves? Lady Lovalorn
47%
What were Chase and Deacon running away from in episode 24? A Unicorn
46%
Where does Cinderella Boy take place? Sugar Springs
46%
In episode 4, Buddy has Chase framed for murder and..? Arson
45%
Who said "Where did they take him?" Violet
45%
What is the name of horse that lives in the barn? Boris
43%
What is the name of Chase's favorite band? Star Brigade
40%
What instrument was Buddy holding in "Honor Among Thieves?" Tambourine
36%
What is Prunella's Mother's name? Agatha
33%
No matching quizzes found
Score Distribution
Percent of People with Each Score
Percentile by Number Answered
Your Score History
You have not taken this quiz since the last reset